Ważne daty dla Polski po roku 1900 - Statystyki

Ogólne statystyki
  • Ten quiz został rozwiązany 340 razy
  • Średni wynik to 16 z 20
Statystyki odpowiedzi
Hint Odpowiedź % Poprawnych
Wybuch II WŚ,atak Niemiec na Polskę 17 września 1939
96%
Wejście Polski do Unii Europejskiej 2004
96%
Śmierć Jana Pawła II 2005
96%
Odzyskanie niepodległości przez Polskę 1918
92%
Okrągły Stół 1989
92%
Katastrofa Tu-154 w Smoleńsku 2010
91%
Wstąpienie Polski do NATO 1999
90%
Wprowadzenie w Polsce stanu wojennego 1981
89%
Rozpoczęcie rządów komunistów w Polsce 1945
87%
Bitwa o Monte Cassino 1944
85%
Karol Wojtyła został papieżem 1978
85%
Bitwa Warszawska (Cud nad Wisłą) 1920
84%
Mord katyński 1940
81%
Uchwalenie aktualnej Konstytucji RP 1997
75%
Podpisanie układu Sikorski-Majski 1941
73%
Denominacja złotego PLZ > PLN 1995
72%
Poznański czerwiec 1956
66%
Konstytucja marcowa 1921
58%
Strajk Dzieci Wrzesińskich 1901
51%
Utworzenie Komitetu Narodowego Polski 1914
46%
Nie znaleziono quizów pasujących do podanych kryteriów
Rozkład punktacji
Procent ludzi z każdym wynikiem
Percentyl według liczby udzielonych odpowiedzi
Twoja historia wyników
Nie rozwiązałeś tego quizu